Globální oteplování země
Enregistré dans:
| Auteur principal: | |
|---|---|
| Format: | Livre |
| Langue: | tchèque |
| Publié: |
Brno :
VUT v Brně,
2008
|
| Édition: | 1. vyd. |
| Sujets: | |
| Accès en ligne: | OBSAH |
| Tags: |
Pas de tags, Soyez le premier à ajouter un tag!
|
MARC
| LEADER | 00000nam a22000003a 4500 | ||
|---|---|---|---|
| 001 | stu164449 | ||
| 005 | 20150617230001.2 | ||
| 008 | 080530s2008----xr------------------cze-d | ||
| 020 | |a 978-80-214-3498-1 | ||
| 040 | |a STU |b slo | ||
| 041 | 0 | |a cze | |
| 044 | |a xr | ||
| 080 | |a 551.588 | ||
| 080 | |a 504.05 | ||
| 080 | |a 620.01 | ||
| 100 | 1 | |a Kadrnožka, Jaroslav |4 aut | |
| 245 | 1 | |a Globální oteplování země | |
| 250 | |a 1. vyd. | ||
| 260 | |a Brno : |b VUT v Brně, |c 2008 | ||
| 300 | |a 467 s | ||
| 650 | 7 | |a prostredie a klíma |2 stusub | |
| 650 | 7 | |a životné prostredie |2 stusub | |
| 650 | 7 | |a zdroje energie |2 stusub | |
| 856 | 4 | |a https://sweb.mtf.stuba.sk/obsahy/globalni_oteplovani_zeme_08 |u https://sweb.mtf.stuba.sk/obsahy/globalni_oteplovani_zeme_08 |3 OBSAH | |
| 996 | |b 284J033862 |c J*109662 |l JJST |s P |a 0 |w stu164449_0001 | ||
| 996 | |b 284M067852 |c M*12323-1 |l MMST |s A |a 24 |w stu164449_0002 | ||